[Event "Interzonal-15"]
[Site "Manila"]
[Date "1990.??.??"]
[Round "9"]
[White "Lobron, Eric"]
[Black "Piasetski, Leon David"]
[Result "1-0"]
[WhiteElo "2535"]
[BlackElo "2410"]
[Annotator "Ribli,Z"]
[PlyCount "103"]
[EventDate "1990.06.29"]
[EventType "swiss"]
[EventRounds "13"]
[EventCountry "PHI"]
[SourceTitle "CBM 019"]
[Source "ChessBase"]
[SourceDate "1990.12.01"]
[SourceVersion "1"]
[SourceVersionDate "1990.12.01"]
[SourceQuality "1"]

1. d4 Nf6 2. Nf3 d6 3. c4 Nbd7 4. Nc3 c6 5. e4 e5 6. Be2 Be7 7. O-O O-O 8. Qc2
Re8 9. Rd1 Qc7 10. Rb1 (10. b3 Nf8 11. h3 Ng6 12. Be3 h6 13. Rac1 $14 {
Beliavsky,A-Hickl,J Munich 1990 CBM 18}) 10... Bf8 (10... a6 11. d5 c5 12. a3
a5 $2 13. Ne1 Rf8 14. f4 exf4 15. Bxf4 $14 {Weinstein-Jimenez Leipzig ol 1960})
11. Bg5 h6 12. Bh4 a5 13. Rd2 a4 14. Re1 Qa5 15. a3 Nh7 16. Bd1 exd4 17. Nxd4
Nc5 18. Re3 Ng5 19. f3 g6 20. Re1 Nge6 21. Be2 f5 22. Bf1 Nxd4 23. Rxd4 f4 24.
Rdd1 Qc7 25. Bf2 g5 26. Ne2 Bg7 27. Nc1 Be5 28. Nd3 Nxd3 29. Rxd3 c5 30. Red1
Be6 31. Be1 h5 32. g3 Rf8 33. Bc3 fxg3 34. hxg3 Bxg3 35. Qg2 h4 36. Rxd6 $1
Rae8 (36... Bxd6 37. Qxg5+ Kh7 38. Qh5+ Kg8 39. Qg6+ $18) 37. R6d5 $1 Bxd5 38.
cxd5 $146 Qf4 39. d6 Rd8 40. e5 Qe3+ 41. Kh1 Qxf3 42. Qxf3 Rxf3 43. Ba5 $1 Rff8
44. Bc4+ Kg7 45. Bc3 Rf3 46. e6+ Rxc3 47. e7 $1 Rxd6 48. Rxd6 Bxd6 49. e8=Q
Rh3+ 50. Kg2 Rg3+ 51. Kf2 Bf4 52. Qg8+ {Ribli} 1-0

[Event "Munich"]
[Site "Munich"]
[Date "1990.??.??"]
[Round "?"]
[White "Beliavsky, Alexander G"]
[Black "Hickl, Joerg"]
[Result "0-1"]
[WhiteElo "2640"]
[BlackElo "2500"]
[Annotator "Ribli,Z"]
[PlyCount "92"]
[EventDate "1990.04.??"]
[EventType "tourn"]
[EventRounds "11"]
[EventCountry "GER"]
[EventCategory "13"]
[SourceTitle "CBM 018"]
[Source "ChessBase"]
[SourceDate "1990.10.01"]
[SourceVersion "1"]
[SourceVersionDate "1990.10.01"]
[SourceQuality "1"]

1. d4 Nf6 2. c4 d6 3. Nc3 Nbd7 4. e4 e5 5. Nf3 Be7 6. Be2 O-O 7. O-O c6 8. Qc2
Re8 9. Rd1 (9. b4 Nf8 10. Rb1 Qc7 11. Rd1 {Uhlmann,W-Hickl,J/ Potsdam 1988})
9... Qc7 10. b3 (10. h3 a6 11. Be3 b5 12. a3 exd4 13. Nxd4 Bb7 14. Nf5 Bf8 15.
Rac1 Nc5 16. f3 Bc8 $1 17. Nd4 bxc4 18. Bxc4 d5 $1 {Rechlis-Greenfeld/
Beersheva 1988}) 10... Nf8 11. h3 Ng6 12. Be3 h6 13. Rac1 $1 (13. Bf1 $6 Nh7
14. Ne2 Ng5 $11 {Najdorf-Bronstein/ ARG-URS 1954}) 13... Nh7 {/\ Ng5} 14. Qd2
$1 Nh4 15. Nxh4 Bxh4 16. b4 Bg5 17. d5 Bxe3 18. Qxe3 Nf6 19. dxc6 bxc6 20. c5
$1 dxc5 21. Qxc5 $14 Qe7 22. Rd6 (22. Qxc6 Bb7 23. Qd6 Nxe4 24. Nxe4 Bxe4 25.
Qxe7 Rxe7 26. b5 $14) 22... Bb7 23. Rcd1 Kh7 24. f3 (24. Bc4 $5) 24... Rec8 25.
Bc4 Rc7 26. Ne2 a5 27. a3 axb4 28. axb4 Ne8 29. R6d2 Qxc5+ 30. bxc5 Nf6 31. Nc1
Ra4 32. Bb3 Ra3 33. Rd8 g5 34. Kf2 Kg7 35. Ke1 Bc8 36. R1d6 Nh5 37. Kd2 Nf4 38.
Kc3 Be6 $5 (38... Nxg2 $5) 39. Kb2 $2 (39. g3 $142) 39... Rxb3+ $1 40. Nxb3 Rb7
41. g3 (41. Rxe6 Nxe6 42. Rd3 Nxc5 $17) 41... Rxb3+ 42. Kc2 Rb5 $1 43. gxf4
Rxc5+ 44. Kd2 exf4 45. h4 gxh4 46. Ke2 h3 0-1

[Event "Bayamo"]
[Site "Bayamo"]
[Date "1990.??.??"]
[Round "2"]
[White "Gomez Segura, Adalberto"]
[Black "Zapata, Alonso"]
[Result "0-1"]
[WhiteElo "2390"]
[BlackElo "2480"]
[Annotator "Ribli,Z"]
[PlyCount "92"]
[EventDate "1990.04.??"]
[EventType "tourn"]
[EventRounds "13"]
[EventCountry "CUB"]
[EventCategory "8"]
[SourceTitle "CBM 018"]
[Source "ChessBase"]
[SourceDate "1990.10.01"]
[SourceVersion "1"]
[SourceVersionDate "1990.10.01"]
[SourceQuality "1"]

1. d4 Nf6 2. c4 d6 3. Nc3 Nbd7 4. g3 e5 5. Bg2 Be7 6. Nf3 O-O 7. O-O Re8 {
7...c6 8.e4, a6 9.a4!? Nenasev-Kalinicev URS 1986 i 42/(74) 7...c6 8.e4, a6 9.
Qc2, Qc7 10.Rd1, b5 11.c5?, dxc5 12.dxe5, Ng4 13.Nd5,cxd5 14.exd5, Ndxe5! 15.
d6, Bxd6 16.Ng5, Nf6 17.Bxa8, Bg4! -/+ Bus-Sapis i 46/(92)} 8. e4 c6 9. b3 a6
10. Bb2 Bf8 11. Qc2 {11.d5!?, cxd5 12.cxd5, Nc5 13.Ne1, a5 14.Nc2, Qb6 15.Qd2
+/= Malich-Kavalek Harrachov 1966} Qc7 {11...b5 12.cxb5, axb5 13.Rfd1, Qb6 14.
a4, Bb7? (14...b4!? Gligoric) 15.b4 +/= Kurtenkov-Gligoric Plovdiv 1986 i 41/
(63)} 12. Rac1 b5 13. cxb5 cxb5 14. Qb1 Qb6 15. b4 Bb7 {15...exd4 16.Nd5!} 16.
d5 Be7 17. a4 bxa4 18. Ba3 Qa7 19. Nxa4 Rec8 20. Bh3 $6 {20.Nd2!? /\ Nc4} Bd8
$1 21. Qd3 Rxc1 22. Rxc1 Nb6 23. Nc3 {23.Nxb6!?} Bc8 24. Bf1 Ne8 25. Nd2 Bd7
26. Qe3 Qb8 27. Nb3 Nc8 28. Rb1 Bb6 29. Qd2 Qa7 30. Na5 Ne7 31. Nc4 Bd4 32. Kg2
{/\ Ne2} Rc8 33. Nd1 Bb5 34. Nde3 f5 $1 35. f3 Nf6 36. Bd3 fxe4 37. fxe4 Bxe3
38. Nxe3 Qd4 39. Rd1 Nxe4 40. Qe2 Nc3 41. Bxh7+ Kh8 $1 42. Qh5 Be2 $1 43. Rxd4
Bxh5 44. Rh4 Kxh7 45. Rxh5+ Kg6 46. Rh4 Ncxd5 0-1

[Event "Interzonal-15"]
[Site "Manila"]
[Date "1990.??.??"]
[Round "2"]
[White "Lin, Ta"]
[Black "Zapata, Alonso"]
[Result "0-1"]
[WhiteElo "2435"]
[BlackElo "2545"]
[Annotator "Ribli,Z"]
[PlyCount "82"]
[EventDate "1990.06.29"]
[EventType "swiss"]
[EventRounds "13"]
[EventCountry "PHI"]
[SourceTitle "CBM 019"]
[Source "ChessBase"]
[SourceDate "1990.12.01"]
[SourceVersion "1"]
[SourceVersionDate "1990.12.01"]
[SourceQuality "1"]

1. d4 Nf6 2. c4 d6 3. Nc3 Nbd7 4. g3 e5 5. Nf3 Be7 6. Bg2 c6 7. Qc2 O-O 8. O-O
Re8 9. Rd1 Qc7 10. b3 (10. h3 a6 11. Be3 Bf8 12. Rac1 g6 13. a3 Rb8 14. b4 h6
15. c5 $1 $14 {Foigel,I-Khmelnitsky,I URS sf Ukraine ch Kherson 1989 CBM 16}) (
10. Rb1 Bf8 11. b4 exd4 12. Nxd4 Nb6 13. Qb3 Ng4 14. Ne4 Ne5 15. c5 $14 {
Goldin-Ubilava Sevastopol 1986 42/(71)}) 10... Bf8 11. e4 b5 $1 12. dxe5 dxe5
13. Qe2 bxc4 14. Qxc4 Nc5 15. Qe2 Ba6 16. Qc2 Rad8 {>< d3} 17. Ne1 Rxd1 18.
Nxd1 Ne6 19. Bb2 Nd4 20. Bxd4 exd4 21. Nb2 Qa5 22. Qxc6 Rc8 23. Qa4 Qxa4 24.
bxa4 (24. Nxa4 d3 25. Rd1 d2 $1 26. Rxd2 Rc1 $19) 24... Bb4 25. Nbd3 Bc3 26.
Rb1 Kf8 27. e5 Nd7 28. Bf1 Nb6 29. Nf4 Bxf1 30. Kxf1 Nc4 31. Rb7 Nxe5 32. Rxa7
Bxe1 33. Kxe1 g5 34. Nd5 Rc2 35. Nb4 Rb2 36. a3 d3 37. f4 gxf4 38. gxf4 Nf3+
39. Kf1 Nxh2+ 40. Ke1 Re2+ 41. Kd1 Nf3 {Ribli} 0-1

[Event "MK Cafe Cup-A"]
[Site "Koszalin"]
[Date "1999.08.06"]
[Round "4"]
[White "Ibragimov, Ildar"]
[Black "Prokopchuk, Evgeny"]
[Result "0-1"]
[WhiteElo "2554"]
[BlackElo "2470"]
[Annotator "Ribli,Z"]
[PlyCount "130"]
[EventDate "1999.08.03"]
[EventType "swiss"]
[EventRounds "9"]
[EventCountry "POL"]
[SourceTitle "CBM 073"]
[Source "ChessBase"]
[SourceDate "1999.12.01"]
[SourceVersion "1"]
[SourceVersionDate "1999.12.01"]
[SourceQuality "1"]

{[%mdl 1088]} 1. Nf3 Nf6 2. c4 d6 3. d4 Nbd7 4. Nc3 e5 5. e4 Be7 {Das ist die
sogenannte Altindische Verteidigung. Weiss hat Raumvorteil im Zentrum, aber
die schwarze Stellung ist fest, wenngleich etwas passiv. Ribli.} 6. Be2 O-O 7.
O-O c6 8. Be3 {Ich empfehle diesen Aufbau für Weiss, aber zwei andere
Hauptmöglichkeiten sind bekannt: der Plan Qc2 / Rd1 oder Re1 / Bf1.} a6 9. d5
cxd5 10. cxd5 {Weiss hat Raumvorteil bei geschlossener Zentrumsstellung und
chancenreihes Spiel am Damenflügel. Es ist nicht so leicht für Schwarz, den
c8-Laufer zu entwickeln, denn mit ...b7-b5 schwächt er den Damenflügel.} Ne8 {
Schwarz möchte entweder ...g6 / ...f5 mit Gegenchancen am Königsflügel spielen
oder im Falle von Nd2 den schwarzfeldrigen Läufer mit ...Bg5 tauschen.} (10...
b5 11. Nd2 Nb6 12. a4 {Das ist die gewöhnliche Hauptvariante mit etwas
besserem weissem Spiel dank seiner Aktivität am Damenflügel.}) 11. a4 {Weiss
folgt der üblichen Strategie. Er spielt mit folgendem a4-a5 / Nd2-c4 gegen das
geschwächte Feld b6.} (11. Rc1 g6 12. Nd2 Bg5 13. Bxg5 Qxg5 14. Nc4 Rb8 15. b4
Ndf6 16. Qd3 Bg4 17. Qg3 h5 18. h4 Qh6 19. Bd3 Rc8 20. Qe3 Qxe3 21. Nxe3 b5 22.
Nb1 Ng7 23. f3 Bd7 24. Nd2 Rxc1 25. Rxc1 Rc8 26. Rxc8+ Bxc8 27. a4 {1-0
Kharitonov,A-Prokopchuk,E/Novgorod 1999/CBM 69 ext (59)}) (11. Qd2 g6 (11...
Ndf6 12. Qc2 Ng4 13. Bd2 f5 14. exf5 Bxf5 15. Qb3 Qd7 16. h3 Ngf6 17. Nxe5 dxe5
18. d6+ Be6 19. Bc4 Bxc4 20. Qxc4+ Kh8 21. dxe7 Qxe7 22. Rfe1 Nd6 {1/2-1/2
Horvath,J-Blagojevic,N/Niksic 1997/CBM 59 ext (28)}) 12. Bh6 Ng7 13. Ng5 b5 14.
b4 Nf6 15. Nf3 Ng4 16. Bxg7 Kxg7 17. a4 bxa4 18. Rxa4 Rb8 19. Rb1 Qb6 20. Bd3
f5 {1/2-1/2 Abramovic,B-Prokopchuk,E/Noyabrsk 1995/CBM 48 (65)}) 11... g6 {
[%cal Gf7f5] Schwarz bereitet den Bauernzug ...f7-f5 vor, der auch typisch für
die Königsindische Verteidigung ist.} (11... a5 12. Qd2 $1 b6 13. Rab1 $1 Nc5
14. b4 axb4 15. Rxb4 f5 16. exf5 Bxf5 17. Ng5 Bxg5 18. Bxg5 Nf6 19. f4 $1 {
1-0 Lugovoi,A-Genba,V/Moscow 1995/CBM 46/[Ribli] (41)}) 12. Nd2 {[%cal Gd2c4]
Der Springer strebt nach c4 und Weiss möchte den Standardzug 12...f5 mit 13.f3
beantworten, wonach es für Schwarz nicht einfach ist, sein Spiel am
Königsflügel fortzusetzen.} (12. a5 f5 13. exf5 gxf5 14. Na4 f4 15. Bb6 Nxb6
16. Nxb6 Rb8 17. Nxc8 Qxc8 18. Bd3 Kh8 19. Nd2 Nf6 20. Rc1 Qd8 21. Ne4 Qxa5 22.
Nxf6 Rxf6 23. Qh5 {1-0 Dyachkov,S-Prokopchuk,E/RUS-chJ U20 1996/CBM 54 (60)})
12... Bg5 {Schwarz möchte die schwarzfeldrigen Läufer tauschen. Gewöhnlich ist
das eine gute Idee, wenn man über weniger Raum verfügt.} (12... f5 13. exf5 (
13. f3 f4 14. Bf2 $14) 13... gxf5 14. Nc4 f4 15. Bd2 Ng7 16. Ne4 Qc7 17. Rc1
Qb8 18. Bb4 Ne8 19. Bg4 {1-0 Chekhov,V-Genba,V/Moscow 1996/EXT 99 (32)}) 13.
Bxg5 (13. Nc4 Bxe3 14. fxe3 Nb6 15. Na3 Bd7 16. a5 Nc8 17. b4 {1/2-1/2 Agrest,
E-Genba,V/St.Petersburg 1994/CBM 41/[Ribli] (36)}) 13... Qxg5 14. Nc4 {[%csl
Yb6,Gc4,Rd6] Der Springer steht ideal auf c4. Er kontrolliert das Feld b6 und
den Bauern d6.} Rb8 {Schwarz möchte nicht etwa ...b7-b5 ziehen, sondern nur
für den Fall eines Zuges mit dem d7-Springer den Tempogewinn Nb6 aus der
Stellung nehmen.} (14... Qe7 15. a5 Nc7 16. Qd2 Rb8 17. b4 Nf6 18. Qe3 Bd7 19.
Rac1 Bb5 20. Nxb5 Nxb5 21. Nb6 Nd4 22. Rc4 Rfd8 23. Rfc1 Ne8 24. Bd1 {1-0
Malaniuk,V-Genba,V/St.Petersburg 1994/CBM 43 ext (32)}) 15. a5 $14 {Weiss hat
positionellen Druck am Damenflügel, während die schwarzen Entwicklungsprobleme
mit dem Damenläufer kaum lösbar sind.} Ndf6 (15... b5 16. axb6 Nxb6 17. Na5 $14
{[%csl Yc6][%cal Ga5c6]} (17. Qd2 Qxd2 18. Nxd2 $14)) (15... f5 16. exf5 gxf5 (
16... Qxf5 17. Bg4 $36 {[%csl Ye6]}) 17. f4 exf4 18. Qd4 $16 {[%csl Rf4][%cal
Rd4f4]}) 16. Qc1 {Die Dame auf g5 steht aktiv, daher möchte Weiss sie tauschen.
Er müsste ansonsten stets mit ...Bh3 rechnen.} Qh4 (16... Qxc1 17. Rfxc1 $14 {
[%csl Yb6][%cal Gc4b6]} (17. Raxc1 $14)) 17. Qe3 {[%cal Ge3b6]} (17. f4 exf4
18. Rxf4 $14) 17... Bd7 (17... Ng4 18. Bxg4 Bxg4 19. f3 Bd7 20. f4 $16) 18. f4
{Weiss hat freie hand. Der Damenflügel ist blockiert und er startet Spiel am
Königsflügel.} exf4 (18... Bb5 $6 19. Nxb5 (19. fxe5 Bxc4 20. exf6 Bxe2 21. g3
$16) 19... axb5 20. Nb6 $16) 19. Rxf4 $16 {Weiss hat das viel bessere
Figurenspiel.} Qg5 (19... Qh6 20. e5 Nh5 21. Bxh5 Qxh5 22. exd6 $16) 20. Raf1 (
20. h4 Qh6 21. e5 Nh5 22. Bxh5 Qxh5 23. exd6 $16) 20... Nh5 21. Bxh5 (21. R4f3
Qxe3+ 22. Rxe3 Nhg7 $14) 21... Qxh5 22. e5 {Mit einfachen Zügen wahrt Weiss
seinen Vorteil.} (22. Qg3 $16 {[%cal Gg3b8]}) (22. Qa7 Rc8 23. Qxb7 Rxc4 24.
Qxd7 $16) 22... Bb5 (22... dxe5 23. Nxe5 {[%cal Re5d7,Re5f7]} Bc8 24. Rxf7 Rxf7
25. Nxf7 $18) 23. Qf2 $2 (23. e6 $1 f5 24. Nxb5 axb5 25. Nb6 $16 {[%csl Gd5,
Ge6]}) (23. Nxb5 axb5 24. Nxd6 Nxd6 25. exd6 Qxd5 26. Rd4 Qe6 27. Qg3 $14)
23... Bxc4 $1 (23... g5 $6 24. Qg3 {[%cal Gg3g8]} dxe5 25. Rf5 f6 26. Nxb5 axb5
27. Nxe5 $16) 24. Rxf7 {Weiss scheint sofort zu gewinnen, aber Schwarz hat
eine schöne Antwort.} (24. Rxc4 Qxe5 $15 (24... dxe5 25. Qb6 $44)) {[#]} 24...
Qf5 $1 25. Rxf8+ (25. Qxf5 gxf5 26. Rxf8+ Kxf8 27. Rxf5+ Ke7 {Mit
Zugumstellung erreichen wir die Partiefortsetzung.}) (25. Rxf5 Rxf5 {[%csl Gc4,
Rf1,Rf2,Gf5][%cal Rf5f1,Rc4f1]} 26. Qxf5 gxf5 27. Rxf5 dxe5 $17) 25... Kxf8 26.
Qxf5+ {Weiss muss die Damen tauschen.} gxf5 27. Rxf5+ Ke7 $17 {Weiss aht zwei
Bauern für die Figur, aber ohne konkrete Drohunge ist das zuwenig.} 28. Kf2 (
28. Rh5 Bd3 $19) (28. e6 Nf6 $17) 28... Bd3 29. Rg5 dxe5 30. Rxe5+ Kd6 {
[%csl Gd6] In der schwarzen Stellung ist jetzt alles verteidigt. Schwarz muss
jetzt die Koordination seiner Figuren verbessern.} (30... Kd7 $17) 31. Re6+ Kc5
{[%csl Gc5]} 32. Ke3 Bg6 {[%csl Gg6]} 33. Rb6 Nd6 {[%csl Rb6,Gd6][%cal Rd6c4,
Rc4e3,Rc4b6] Der Springer blockiert gut auf d6. Die folgenden Vereinfachungen
sind forciert.} (33... Nc7 $17) 34. b4+ Kc4 {[%csl Rc3,Gc4]} 35. Rxd6 Kxc3 36.
Rb6 Bd3 {[%cal Gd3b5] Schwarz möchte Bb5 ziehen und den b4-Bauern gewinnen.}
37. Kf4 Bb5 (37... Kd4 $17 {[%cal Gb8f8,Gf8f4]}) 38. Ke5 (38. Rh6 Rh8 39. Rb6
Rf8+ 40. Ke5 Rf7 $19) 38... Kxb4 $19 39. Rh6 Re8+ (39... Kxa5 40. Rxh7 Kb4 $19)
40. Kd4 (40. Kf6 Bd3 $19) 40... Re7 41. g4 Rg7 (41... Kxa5 $19) 42. g5 Kxa5 {
Jetzt hat Schwarz eine klare Mehrfigur.} (42... Rxg5 43. Rxh7 Kxa5 $19) 43. h4
Kb4 44. h5 Be8 $6 (44... a5 45. g6 hxg6 46. Rxg6 Rh7 $19) 45. g6 hxg6 (45...
Bxg6 46. hxg6 hxg6 47. Rh1 $17) 46. Rh8 Ba4 (46... gxh5 47. Rxe8 $17 {[%csl
Gd5]}) 47. h6 Rd7 48. Ke5 Bb3 (48... g5 49. d6 (49. Rg8 Rxd5+ 50. Kxd5 Bb3+ $19
{[%cal Rb3g8]}) 49... Kc5 $19) 49. d6 a5 50. Rc8 a4 (50... Rh7 51. Rc7 Rxh6 52.
d7 Rh5+ (52... Rh8 53. Rc8 Rh5+ 54. Ke4 Rd5 55. d8=Q Rxd8 56. Rxd8 b5 $19) 53.
Kf6 Rd5 $19) 51. Rc7 a3 $5 {Schwarz opfert seinen Turm, aber der a-Bauer
verwandelt.} (51... Rd8 52. Rxb7+ Kc4 $19) 52. Rxd7 a2 53. Rxb7+ Ka3 54. Ra7+
Ba4 55. h7 (55. d7 a1=Q+ 56. Ke6 Qd4 $19) 55... a1=Q+ {[%cal Ra1e5]} 56. Ke6
Qh8 (56... Qd4 $19) 57. d7 Kb4 58. Kd6 Qd4+ (58... g5 $19) 59. Ke6 Bb3+ (59...
Qxa7 60. h8=Q Qxd7+ 61. Ke5 Qf5+ $19) 60. Ke7 Qe5+ (60... Qg7+ $19) 61. Kd8 (
61. Kf8 Qf6+ 62. Ke8 Qf7+ 63. Kd8 Qxh7 $19) 61... Be6 (61... Qh8+ 62. Kc7 Qxh7
$19) 62. Ke7 Bc4+ 63. Kd8 Qh8+ 64. Kc7 Qxh7 65. Rb7+ Bb5 {Weiss gab endlich
auf.} (65... Bb5 66. Kc8 Qxd7+ 67. Rxd7 Bxd7+ 68. Kxd7 g5 $19) 0-1

[Event "Brno-A"]
[Site "Brno"]
[Date "1994.??.??"]
[Round "1"]
[White "Babula, Vlastimil"]
[Black "Blatny, Pavel"]
[Result "1-0"]
[WhiteElo "2515"]
[BlackElo "2485"]
[Annotator "Ribli,Z"]
[PlyCount "79"]
[EventDate "1994.08.??"]
[EventType "tourn"]
[EventRounds "9"]
[EventCountry "CZE"]
[EventCategory "13"]
[SourceTitle "CBM 043"]
[Source "ChessBase"]
[SourceDate "1994.12.01"]
[SourceVersion "1"]
[SourceVersionDate "1994.12.01"]
[SourceQuality "1"]

1. d4 d6 2. c4 Nf6 3. Nc3 Nbd7 4. e4 e5 5. Nf3 Be7 6. Be2 c6 7. O-O Qc7 8. Qc2
(8. Be3 $5 Nf8 9. d5 c5 $2 10. b4 $1 $16 {Cvitan,O-Meister,Y/Bela Crkva/1990/
INF50,78/}) 8... Nf8 (8... O-O $5) 9. Rd1 (9. d5 $5 {Bragin,A-Trocenko,D/
URS-sf/1991/EXP22/}) 9... Bg4 (9... Ng6 $5) 10. Be3 Ng6 11. h3 Bxf3 12. Bxf3
O-O 13. g3 Nd7 (13... h5 14. h4 Ng4 15. Bxg4 hxg4 16. Qe2 $14) 14. Bg2 Bf6 15.
d5 c5 16. a3 a6 17. Bf1 Qd8 18. Qd2 $1 (18. b4 Bg5 $13) 18... Ne7 19. b4 b6 20.
Rab1 Ra7 21. Na4 Nc8 22. h4 $1 $14 g6 23. Bh3 Bg7 24. bxc5 bxc5 (24... Nxc5 25.
Nxc5 bxc5 26. Rb8 $14) 25. Rb3 f5 26. Bg5 $1 Qe8 27. Rdb1 Nf6 (27... f4 28.
Be6+ Kh8 29. Rb7 Rxb7 30. Rxb7 $16) (27... fxe4 28. Be6+ Kh8 29. Rb7 Rxb7 30.
Rxb7 $16) 28. Nc3 Ne7 (28... Nxe4 29. Nxe4 fxe4 30. Be6+ Kh8 31. Rb8 Rc7 32.
Qa5 $18) (28... fxe4 29. Be6+ Kh8 30. Rb8 Rc7 31. Bxf6 Bxf6 32. Nxe4 $16) 29.
Rb7 Rxb7 30. Rxb7 Kh8 (30... fxe4 31. Be6+ Kh8 32. Bxf6 Bxf6 33. Nxe4 $18) 31.
h5 $1 Nfg8 (31... gxh5 32. exf5 $18) 32. hxg6 hxg6 33. Bxe7 Nxe7 34. Qg5 Rf7 (
34... Bf6 35. Qh6+ Kg8 36. exf5 gxf5 37. Bxf5 $1 Nxf5 38. Qh7#) 35. exf5 gxf5 (
35... Nxf5 36. Qxg6 $18) 36. Qh5+ Kg8 37. Ne4 $1 fxe4 38. Be6 Bf8 (38... Bf6
39. Rb8 Qxb8 40. Qxf7+ $18) 39. g4 Kg7 40. Rb8 $1 (40. Rb8 $1 Qxb8 41. Qxf7+
Kh8 (41... Kh6 42. Qh5+ Kg7 43. g5 $18) 42. Qh5+ Kg7 43. g5 $18) 1-0

[Event "Petrov Memorial op"]
[Site "St Petersburg"]
[Date "1996.??.??"]
[Round "5"]
[White "Galliamova, Alisa"]
[Black "Shchukin, Dmitry"]
[Result "1-0"]
[WhiteElo "2480"]
[BlackElo "2320"]
[Annotator "Ribli,Z"]
[PlyCount "113"]
[EventDate "1996.02.??"]
[EventType "swiss"]
[EventRounds "9"]
[EventCountry "RUS"]
[SourceTitle "CBM 052"]
[Source "ChessBase"]
[SourceDate "1996.06.01"]
[SourceVersion "1"]
[SourceVersionDate "1996.06.01"]
[SourceQuality "1"]

1. d4 Nf6 2. c4 d6 3. Nc3 Nbd7 4. Nf3 c6 5. e4 e5 6. Be2 Be7 7. O-O a6 8. Qc2 (
8. Be3 $5) 8... O-O 9. Rd1 Qc7 10. Rb1 (10. h3 $5) 10... Re8 (10... b5 11. b4
Bb7 12. a4 $14 {Ibramigov,I-Shuraev,A/Moscow op/1995/EXP46/}) 11. h3 $146 {
Weiss mischt zwei Idee und erfindet eine neue Variante.} (11. b4 $5) 11... Nf8
$6 {Dieses bekannte Manöver gibt jetzt kein ausgeglichene Spiel für den
Nachziehenden.} (11... b5 $5) 12. Be3 Ng6 13. dxe5 $1 dxe5 14. c5 $1 {[#]
Weiss steht besser: 1.Schwarz hat keine realistischen Chancen auf einen
erfolgreichen Koenigsangriff. 2. Weiß wird bald mit seinem Springer den
b6-Punkt besetzen und von dort die gegnericshe Möglichkeiten sehr stark
begrenzen.} Nh5 15. Na4 Be6 16. Nb6 $1 {Wir sehen nun sehr genau, warum
Schwarz in dieser Eroffnung fast immer b7-b5 spielt. Siehe Anmerkungen bei 11.
Zug. Wenn jemand Altindisch spielen will, dann sollte er die Schwarz-Partien
von Großmeister Joerg Hickl nachspielen.} Rad8 17. b4 Nhf4 18. Bc4 {Der
Riesenspringer auf b6 stört Schwarz sehr, und deswegen kann er seine Dame
nicht gut ins Spiel bringen.} h6 19. Qb2 {>< e5} Kh7 20. Bxf4 $1 {Weiss
tauscht seinen Läufer gegen den schwarzen Springer. Dadurch wird die schwarze
Bauernstruktur deutlich geschwächt.} exf4 $8 21. Bxe6 fxe6 22. e5 $1 {Dieser
Zug hat zwei Ideen: 1. Weiss öffnet die c2-h7 Diagonale. 2.Der d6-Punkt gehört
nun dem Anziehenden.} Rxd1+ 23. Rxd1 Rd8 24. Rxd8 Qxd8 25. Qc2 $1 {/^ c2-h7} h5
$5 26. Kh2 Kh6 27. Qc4 Bh4 $146 28. Qe2 $1 {Natuerlich wird Weiß für den
schwaeche e6-Bauern seinen wichtige f2-Bauern nicht geben.} Qf8 29. Nc4 Qf5 30.
Nd6 Qb1 31. Qe4 $1 {Weiss tauscht die Damen, dann wird er die schwachen
schwarzen Bauern (b6,e6) vernichten.} Qxe4 (31... Qxa2 $4 32. Nxh4 Nxh4 33.
Nf7#) 32. Nxe4 Bd8 33. Nd6 Bc7 34. a4 {Schwarz ist fast im Zugzwang.} Ne7 (
34... Bxd6 35. exd6 Nf8 36. Ne5 $18) 35. Nd4 Nd5 36. Nxe6 b5 37. axb5 axb5 38.
Nf5+ Kg6 39. Nxc7 Nxc7 40. Nd4 $1 {Der einfachste Weg zum Sieg.} (40. Ne7+ Kf7
41. Nxc6 Ke6 $16) 40... Kf7 41. h4 Ke7 42. g3 $1 fxg3+ 43. Kxg3 Kd7 44. Kf4
Nd5+ 45. Kf5 Nxb4 46. e6+ Ke7 47. f4 Nd3 48. Nxc6+ Kf8 49. Nd4 Nxc5 50. Nxb5
Ke7 51. Nc7 Nd3 (51... Kd6 52. Ne8+ Ke7 53. Nxg7 $18) 52. Nd5+ Kd6 53. e7 Kd7
54. Kg6 Ke8 55. Kxg7 Nc5 56. f5 Ne6+ 57. Kf6 {Nach seinem Eroeffnungsfehler 
(Nf8,Ng6) konnte Schwarz kein vollwertiges Gegenspiel zusammenbringen.} (57.
fxe6 $4 {Patt/ stalemate}) 1-0